LIBRARY & INFORMATION CENTRE, KCAET, TAVANUR

ONLINE PUBLIC ACCESS CATALOGUE (OPAC)

Development and Evaluation of Jackfruit Bulb Slicer (Record no. 14904)

MARC details
000 -LEADER
fixed length control field 00635nam a22001817a 4500
003 - CONTROL NUMBER IDENTIFIER
control field OSt
088 ## - REPORT NUMBER
Report number P 384
100 ## - MAIN ENTRY--AUTHOR NAME
Personal name HARITHA J
-- KAVYA P.S
-- SONIYA P.V
245 ## - TITLE STATEMENT
Title Development and Evaluation of Jackfruit Bulb Slicer
260 ## - PUBLICATION, DISTRIBUTION, ETC. (IMPRINT)
Place of publication Tavanur 2017
Name of publisher Department of Food and Agricultural Processing Engineering
300 ## - PHYSICAL DESCRIPTION
Number of Pages 61
500 ## - GENERAL NOTE
General note Development and Evaluation of Jackfruit Bulb Slicer
520 ## - SUMMARY, ETC.
Summary, etc Development and Evaluation of Jackfruit Bulb Slicer
700 ## - ADDED ENTRY--PERSONAL NAME
Personal name Dr. Sudheer K.P (Guide)
856 ## - ELECTRONIC LOCATION AND ACCESS
Uniform Resource Identifier https://drive.google.com/open?id=1ET2Tg6s9BozmKTbCuk0929BV7IwO2OAX
942 ## - ADDED ENTRY ELEMENTS (KOHA)
Koha item type Project Report
Holdings
Collection code Home library Current library Shelving location Full call number Accession Number Koha item type
Reference KAUAET KAUAET Reference 664 HAR/DE P 384 Project Report
free website counter